Βιολογική και κοινωνικό-οικονομική μελέτη του Αγίου Ευστρατίου στα πλαίσια διερεύνησης δυνατότητας ανάπτυξης δικτύου ΘΠΠ : διπλωματική εργασία
Αποθηκεύτηκε σε:
| Κύριος συγγραφέας: | |
|---|---|
| Συγγραφή απο Οργανισμό/Αρχή: | |
| Άλλοι συγγραφείς: | |
| Μορφή: | Thesis Βιβλίο |
| Γλώσσα: | Greek |
| Δημοσίευση: |
2011
|
| Θέματα: | |
| Διαθέσιμο Online: | http://hdl.handle.net/11610/7012 |
| Ετικέτες: |
Προσθήκη ετικέτας
Δεν υπάρχουν, Καταχωρήστε ετικέτα πρώτοι!
|
MARC
| LEADER | 00000cam a2200000 i 4500 | ||
|---|---|---|---|
| 001 | 1/18709 | ||
| 008 | 120329s2011 gre d | ||
| 035 | |l 10112166 | ||
| 040 | |a GR-MY-UA |b gre |e aacr | ||
| 041 | 0 | |a gre | |
| 082 | 0 | |a 333.7 |2 (22) | |
| 100 | 1 | |a Ακριτοπούλου, Ελένη. | |
| 245 | 1 | 0 | |a Βιολογική και κοινωνικό-οικονομική μελέτη του Αγίου Ευστρατίου στα πλαίσια διερεύνησης δυνατότητας ανάπτυξης δικτύου ΘΠΠ : |b διπλωματική εργασία / |c Ακριτοπούλου Ελένη ; επιβλέπων: Δρόσος Κουτσούμπας |
| 260 | |c 2011 | ||
| 300 | |a 248 σ.; |b εικ.; |c 30 εκ. | ||
| 502 | |a Πτυχιακή εργασία – Πανεπιστήμιο Αιγαίου, Λέσβος, 2011. | ||
| 504 | |a Περιέχει βιβλιογραφία | ||
| 650 | 0 | 0 | |a Dissertations, Academic |z Greece. |
| 651 | 0 | |a Hagios Eustratios (Greece : Municipality) |x Environmental conditions. | |
| 700 | 1 | |4 ths |a Κουτσούμπας, Δρόσος. | |
| 710 | 2 | |a Πανεπιστήμιο Αιγαίου |b Σχολή Περιβάλλοντος |b Τμήμα Επιστημών της Θάλασσας. | |
| 852 | |a INST |b LESVOS |c DIATR |e 20120329 |h 583 |p 005100050545 |q 005100050545 |t DIE |y 23 | ||
| 852 | |a INST |b LESVOS |c DIATR |e 20120329 |h 584 |p 005100050544 |q 005100050544 |t DIE |y 23 | ||
| 856 | |u http://hdl.handle.net/11610/7012 | ||
| 901 | |a BIBL1-2012-1 | ||
| 909 | |a Λ |b 173472 | ||
| 909 | |a Λ |b 173471 | ||
| 924 | |a ΑΚΡΙΤΟΠΟΥΛΟΥ |b ΕΛΕΝΗ |y ΛΕΣΒΟΣ |z 2011-10 | ||
| 970 | |a ΤΖΑΦΕΡΗ |b ΕΥΑΓΓΕΛΙΑ |z 2012/03/29 | ||